000 00905nam a2200289Ia 4500
005 20260324112649.0
008 008 260324s9999 xx 000 0 eng d
020 _a9781003428459
037 _aEBOOK
040 _aCRL
040 _beng
040 _cCRL
041 _2eng
041 _aeng
084 _qCRL
100 _aDebasis Chaudhuri; Jan Harm Pretorius; Debashis Das; Sauvik Bal
_91143640
245 0 _aInternational Conference on Security, Surveillance and Artificial Intelligence (ICSSAI-2023)
245 0 _bProceedings of the International Conference on Security, Surveillance and Artificial Intelligence (ICSSAI-2023), Dec 1–2, 2023, Kolkata, India
260 _bTaylor and Francis
260 _c2024
365 _a
365 _b330
856 _uhttp://www.taylorfrancis.com/books/9781003428459
942 _cEBOOK
999 _c1732929
_d1732929